Διεθνές Μάρκετινγκ (Record no. 1330)
[ view plain ]
| 000 -LEADER | |
|---|---|
| fixed length control field | 01717cam a22001934a 4500 |
| 005 - ΗΜΕΡΟΜΗΝΙΑ ΚΑΙ ΩΡΑ ΤΕΛΕΥΤΑΙΑΣ ΕΝΗΜΕΡΩΣΗΣ | |
| Πεδίο ελέγχου | 20250605164005.0 |
| 008 - FIXED-LENGTH DATA ELEMENTS--GENERAL INFORMATION | |
| Πεδίο ελέγχου σταθερού μήκους | 250528s ||||||||||||||||||||||||d |
| 035 ## - SYSTEM CONTROL NUMBER | |
| System control number | 15775 |
| 020 ## - ISBN | |
| ISBN | 9607306465 |
| 040 ## - ΠΗΓΗ ΚΑΤΑΛΟΓΟΓΡΑΦΗΣΗΣ | |
| Φορέας πρωτότυπης καταλογογράφησης | MC Athens Campus Library |
| Γλώσσα καταλογογράφησης | Ελληνικά, Μοντέρνα (1453-) |
| Modifying agency | MC Athens Campus Library |
| Κανόνες περιγραφικής καταλογογράφησης | AACR2 |
| 245 1# - ΤΙΤΛΟΣ ΚΑΙ ΔΗΛΩΣΗ ΥΠΕΥΘΥΝΟΤΗΤΑΣ | |
| Τίτλος | Διεθνές Μάρκετινγκ |
| 260 ## - PUBLICATION, DISTRIBUTION, ETC. | |
| Name of publisher, distributor, etc. | Σταμούλης, |
| Date of publication, distribution, etc. | 1993 |
| 300 ## - PHYSICAL DESCRIPTION | |
| Extent | 392 |
| 520 ## - SUMMARY, ETC. | |
| Summary, etc. | Γενική Εισαγωγή στο Διεθνές Marketing και το Διεθνές Εμπόριο, Παράγοντες Περιβάλλοντος στο Δ.Μ., Έρευνα αγορών στο Δ.Μ. και Διεθνοποίηση Αγορών και Συστήματα Πληροφοριών στο Διεθνή Χώρο και Διεθνείς Οργανισμοί, Επιχειρησιακός Προγραμματισμός και Στόχοι Marketing Γενικών Εξαγωγών, Διεθνής Αγορά και Στρατηγικές Marketing, Στρατηγική και Σχέδια Ανάπτυξης Νέων Προιόντων στις Διεθνείς Αγορές, Η αγορά των Βιομηχανικών Προιόντων, Παράγοντες και Επιρροές κατά την Αγορά, Το Πρόβλημα της Διεθνούς Τιμολογιακής Πολιτικής και Καθορισμός Κόστους και Τιμής, Παράγοντες Επηρεασμού των Επικοινωνιών στο Δ.Μ, Εμπορικά Ονόματα και Σήματα, Κατηγορίες Διεθνών Εμπορικών Εκθέσεων, Παραρτήματα. |
| 700 1# - ΠΡΟΣΘΕΤΗ ΑΝΑΓΡΑΦΗ--ΦΥΣΙΚΟ ΠΡΟΣΩΠΟ | |
| Personal name | Πατρινός Δημήτρης Θεοδ |
| 9 (RLIN) | 1760 |
| 942 ## - ADDED ENTRY ELEMENTS (KOHA) | |
| Koha item type | Books |
| Τύπος τεκμηρίου | Βιβλιοθήκη | Τρέχουσα τοποθεσία | Barcode | Αριθμός εισαγωγής | Ημερομηνία απόκτησης | Ταξιθετικό σύμβολο | Αριθμός αντιτύπου | Κατάσταση απόσυρσης | Κατάσταση χαμένου | Κατάσταση κατεστραμμένου | Μη δανεισμός | Σύνολο δανεισμών | Ημερομηνία τελευταίας εμφάνισης | Η τιμή ισχύει από |
|---|---|---|---|---|---|---|---|---|---|---|---|---|---|---|
| Books | MC Athens Campus Library | MC Athens Campus Library | 9780000013293 | 2145 | 05/06/2025 | 658.848 PAT | 1 | 05/06/2025 | 05/06/2025 |